[Event "Passau op 7th"]
[Site "Passau"]
[Date "1999.04.05"]
[Round "7"]
[White "Stoffel, Matthias"]
[Black "Iseni, Argient"]
[Result "1-0"]
[WhiteElo "1902"]
[BlackElo "1507"]
[PlyCount "95"]
[EventDate "1999.04.02"]
[EventType "swiss"]
[EventRounds "7"]
[EventCountry "GER"]
[SourceTitle "EXT 2000"]
[Source "ChessBase"]
[SourceDate "1999.11.16"]
[SourceVersion "1"]
[SourceVersionDate "1999.11.16"]
[SourceQuality "1"]

1. d4 e6 2. c4 d5 3. Nc3 Nf6 4. Nf3 Nbd7 5. e3 c6 6. Bd3 Bd6 7. 0-0 0-0 8. Qc2 Re8 9. e4 dxe4 10. Nxe4 Nxe4 11. Bxe4 Nf6 12. Bg5 h6 13. Bh4 Be7 14. Bd3 Nh5 15. Bxe7 Qxe7 16. Rfe1 Nf4 17. Bf1 Rd8 18. Qe4 Ng6 19. Rad1 Qc7 20. g3 b6 21. c5 Bb7 22. h4 Qe7 23. h5 Nf8 24. b4 Nd7 25. Bg2 Nf6 26. Qh4 Nd5 27. Qxe7 Nxe7 28. Ne5 Nd5 29. Bxd5 exd5 30. Re3 f6 31. Ng6 Rd7 32. Rde1 Rad8 33. Re6 Rc7 34. f4 Kh7 35. Re8 Rcc8 36. Rxd8 Rxd8 37. Re7 Rb8 38. Rc7 bxc5 39. bxc5 Ba6 40. Rxc6 Be2 41. Rd6 Bxh5 42. Ne7 Rb1+ 43. Kg2 Rb2+ 44. Kh3 Rxa2 45. c6 Rc2 46. Rxd5 Bf3 47. Rc5 Bg2+ 48. Kh2 1-0

[Event "Passau op 7th"]
[Site "Passau"]
[Date "1999.04.03"]
[Round "3"]
[White "Maether, Stephan"]
[Black "Iseni, Argient"]
[Result "1/2-1/2"]
[WhiteElo "1724"]
[BlackElo "1507"]
[PlyCount "41"]
[EventDate "1999.04.02"]
[EventType "swiss"]
[EventRounds "7"]
[EventCountry "GER"]
[SourceTitle "EXT 2000"]
[Source "ChessBase"]
[SourceDate "1999.11.16"]
[SourceVersion "1"]
[SourceVersionDate "1999.11.16"]
[SourceQuality "1"]

1. e4 e6 2. d4 d5 3. Nc3 Nf6 4. e5 Nfd7 5. Nf3 c5 6. Bb5 Nc6 7. Bxc6 bxc6 8. 0-0 Ba6 9. Re1 Be7 10. Be3 cxd4 11. Nxd4 c5 12. Nc6 Qc7 13. Nxe7 Kxe7 14. Bf4 d4 15. Nb1 Rab8 16. c3 Qb6 17. b3 Rhd8 18. cxd4 cxd4 19. Nd2 Nc5 20. Nc4 Bxc4 21. bxc4 1/2-1/2